<?xml version="1.0" encoding="UTF-8"?><?xml-stylesheet type="text/xsl" href="static/style.xsl"?><OAI-PMH xmlns="http://www.openarchives.org/OAI/2.0/" xmlns:xsi="http://www.w3.org/2001/XMLSchema-instance" xsi:schemaLocation="http://www.openarchives.org/OAI/2.0/ http://www.openarchives.org/OAI/2.0/OAI-PMH.xsd"><responseDate>2026-07-05T14:47:04Z</responseDate><request verb="GetRecord" identifier="oai:repisalud.isciii.es:20.500.12105/13213" metadataPrefix="marc">https://repisalud.isciii.es/rest/oai/request</request><GetRecord><record><header><identifier>oai:repisalud.isciii.es:20.500.12105/13213</identifier><datestamp>2025-05-26T13:35:36Z</datestamp><setSpec>com_20.500.12105_15322</setSpec><setSpec>com_20.500.12105_2051</setSpec><setSpec>com_20.500.12105_2052</setSpec><setSpec>col_20.500.12105_16982</setSpec><setSpec>col_20.500.12105_19618</setSpec></header><metadata><record xmlns="http://www.loc.gov/MARC21/slim" xmlns:dcterms="http://purl.org/dc/terms/" xmlns:doc="http://www.lyncode.com/xoai" xmlns:xsi="http://www.w3.org/2001/XMLSchema-instance" xsi:schemaLocation="http://www.loc.gov/MARC21/slim http://www.loc.gov/standards/marcxml/schema/MARC21slim.xsd">
   <leader>00925njm 22002777a 4500</leader>
   <datafield ind2=" " ind1=" " tag="042">
      <subfield code="a">dc</subfield>
   </datafield>
   <datafield ind2=" " ind1=" " tag="720">
      <subfield code="a">Cantón-Habas, Vanesa</subfield>
      <subfield code="e">author</subfield>
   </datafield>
   <datafield ind2=" " ind1=" " tag="720">
      <subfield code="a">Carrera-González, María Del Pilar</subfield>
      <subfield code="e">author</subfield>
   </datafield>
   <datafield ind2=" " ind1=" " tag="720">
      <subfield code="a">Moreno-Casbas, Teresa</subfield>
      <subfield code="e">author</subfield>
   </datafield>
   <datafield ind2=" " ind1=" " tag="720">
      <subfield code="a">Rich-Ruiz, Manuel</subfield>
      <subfield code="e">author</subfield>
   </datafield>
   <datafield ind2=" " ind1=" " tag="260">
      <subfield code="c">2021-06-22</subfield>
   </datafield>
   <datafield ind2=" " ind1=" " tag="520">
      <subfield code="a">Objectives The aim of this study was to adapt and validate the Pain Assessment in Advanced Dementia (PAINAD) scale in Spanish. Design Cross-sectional observational study. Setting Two health districts of Andalusian provinces, located in the south of Spain, through the Andalusian network of Primary Healthcare centres and four institutions dedicated to the care of patients with dementia. Participants A total of 100 older people, with a medical diagnosis of dementia and a score on the Global Deterioration Scale between 5 and 7 were assessed using the PAINAD scale. Primary and secondary outcome measures Psychometric properties including content validity, construct validity and reliability of the scale have been tested. Results The overall Item Content Validity Index was excellent (0.95). Regarding construct validity, it was confirmed that a lower use of analgesics implied a lower score on the PAINAD scale (p&lt;0.05). The internal consistency of the scale was 0.76 and it increases to 0.81 if we remove the breathing item. Furthermore, the intraclass correlation coefficient (ICC) used to assess interobserver reliability was 0.94, whereas the ICC used to assess temporary stability was 0.55. Conclusions The Spanish version of the PAINAD scale is a valid tool to assess pain in patients with dementia and inability to communicate verbally.</subfield>
   </datafield>
   <datafield ind1="8" ind2=" " tag="024">
      <subfield code="a">BMJ Open. 2021 Jun 22;11(6):e049211.</subfield>
   </datafield>
   <datafield ind1="8" ind2=" " tag="024">
      <subfield code="a">10.1136/bmjopen-2021-049211</subfield>
   </datafield>
   <datafield ind1="8" ind2=" " tag="024">
      <subfield code="a">2044-6055</subfield>
   </datafield>
   <datafield ind1="8" ind2=" " tag="024">
      <subfield code="a">BMJ Open</subfield>
   </datafield>
   <datafield ind1="8" ind2=" " tag="024">
      <subfield code="a">34158307</subfield>
   </datafield>
   <datafield ind1="8" ind2=" " tag="024">
      <subfield code="a">http://hdl.handle.net/20.500.12105/13213</subfield>
   </datafield>
   <datafield tag="653" ind2=" " ind1=" ">
      <subfield code="a">Dementia</subfield>
   </datafield>
   <datafield tag="653" ind2=" " ind1=" ">
      <subfield code="a">Geriatric medicine</subfield>
   </datafield>
   <datafield tag="653" ind2=" " ind1=" ">
      <subfield code="a">Pain management</subfield>
   </datafield>
   <datafield ind2="0" ind1="0" tag="245">
      <subfield code="a">Spanish adaptation and validation of the Pain Assessment Scale in Advanced Dementia (PAINAD) in patients with dementia and impaired verbal communication: cross-sectional study</subfield>
   </datafield>
</record></metadata></record></GetRecord></OAI-PMH>